Statistiques concernant Descriptions des Pokémon (1G)

Cliquez ici pour prendre le quiz!

Statistiques générales

  • Ce quiz a été pris 46 fois
  • Le résultat moyen est 8 sur 20

Statistiques - réponses

DescriptionPokémon% Correct
Ses crocs sont capables de broyer la roche, mais il ne peut s’attaquer qu’aux proies à portée de ses tentacules.Amonistar
100%
Il est considéré comme un symbole de longévité. Les algues accrochées à sa carapace indiquent son âge.Carabaffe
100%
Il peut à peine bouger. Quand il est menacé, il sort parfois son aiguillon pour empoisonner ses ennemis.Coconfort
100%
Il arrive qu’il s’énerve tellement qu’il en meurt. Son visage, lorsqu’il meurt ainsi, est empreint d’une grande sérénité.Colossinge
100%
On dit que ce Pokémon capable de contrôler la foudre installe son nid au creux des nuages d’orage noirs.Électhor
100%
Si sa salive gluante entre en contact avec la peau et qu’on ne l’essuie pas bien, elle provoque de terribles démangeaisons qui ne s’arrêtent jamais.Excelangue
100%
Lorsqu’un XXX se trouve à proximité d’un écran, une télé par exemple, une ombre sinistre dont la vision porte malheur traverse l’image.Kadabra
100%
Il soulève péniblement son énorme pince. Elle est si grosse qu'il lui est difficile de bien viser avec.Krabboss
100%
Il sillonne les mers à la recherche de ses proies à une vitesse de 8 nœuds. Il raffole des Froussardine.Lamantine
100%
Il aide les humains dans les travaux de force. Il n’y a aucun scrupule à avoir, car il est ravi de pouvoir faire travailler ses muscles.Machopeur
100%
Il achève ses proies avec ses flammes, mais il lui arrive de les calciner accidentellement, à son plus grand regret.Magmar
100%
Il utilise un curieux pouvoir contenu dans ses doigts pour solidifier l'air en un mur invisible.M.Mime
100%
Il joue des percussions avec son os afin de communiquer avec ses congénères. Il existe une cinquantaine de mélodies différentes.Ossatueur
100%
Sa maman lui manque terriblement et il ne la reverra jamais. La lune le fait pleurer, car elle lui rappelle sa mère. Les taches sur son crâne sont les marques de ses larmes.Osselait
100%
Il élève sa queue pour surveiller les environs. Elle attire souvent la foudre dans cette position.Pikachu
100%
Lorsqu’il utilise son mystérieux pouvoir, XXX ne s’en souvient pas. Apparemment, il ne peut pas garder ce genre d’événement en mémoire, car il pratique ce pouvoir dans un état proche du sommeil profond.Psykokwak
100%
S’il s’excite pendant un combat, il crache de grandes flammes, brûlant tout ce qui se trouve aux alentours.Reptincel
100%
On dit que son estomac n’a pas d’égal. Même les toxines de Grotadmorv ne sont rien de plus qu’un assaisonnement épicé pour lui.Ronflex
100%
Un Pokémon qui se nourrit de rêves. On suppose qu’il a un ancêtre commun avec Munna et Mushana.Soporifik
100%
Il écrase ses adversaires de tout son poids pour leur faire perdre connaissance. Il rentre dans sa carapace s’il se sent en danger.Tortank
100%
Il s’entraîne avec ses amis pour accroître sa masse musculaire et gagner en confiance. Une fois prêt, il ira défier un Makuhita.Machoc
75%
Il possède le pouvoir de contrôler la glace. Selon les dires, il vivrait sur les sommets recouverts de neiges éternelles.Artikodin
67%
Son souffle brûlant peut faire fondre la roche. Il est parfois la cause d’incendies de forêt.Dracaufeu
67%
Si vous frissonnez soudainement, c’est qu’un XXX en veut à votre vie. Vous ne pouvez y échapper. Abandonnez toute espérance.Ectoplasma
67%
On raconte qu’il y a longtemps, ces Pokémon amateurs d’air pollué étaient beaucoup plus nombreux à Galar.Smogo
67%
Il vit là où poussent des tiges. Ces endroits sont rares, ce qui pourrait faire penser que cette espèce de Pokémon est en voie d'extinction.Canarticho
50%
Cet oiseau vole très mal mais court très vite. Il laisse de gigantesques empreintes de pas.Doduo
50%
Quand il pique soudain une terrible colère, tout le monde autour de lui s’enfuit. Mais il supporte mal la solitude, et ça l’énerve encore davantage.Férosinge
50%
Ses pattes élastiques s'allongent, ce qui ne manque jamais de surprendre au premier combat.Kicklee
50%
Ce Pokémon lent à l’origine a appris à fuir plus vite pour protéger ses œufs des voleurs.Leveinard
50%
Cette espèce protégée a tellement proliféré que les Pokémon poissons se font apparemment plus rares dans les eaux peuplées de XXX.Lokhlass
50%
XXX est capable de déplacer n’importe quelle masse. Cependant, ses bras s’emmêlent dès qu’il essaie de réaliser un travail délicat ou minutieux. Ce Pokémon a tendance à cogner d’abord et à réfléchir ensuite.Mackogneur
50%
Grâce à son don de transformation, ce Pokémon peut devenir l’ami de tous les êtres vivants, sauf des autres XXX, qu’il déteste.Métamorph
50%
Chacune de ses trois têtes pense de manière autonome. Elles ne semblent s’intéresser qu’à elles-mêmes.Noadkoko
50%
Tout le monde pensait qu’il ne pouvait survivre que dans les mers froides. Personne ne sait donc ce qu’il fait à Alola.Otaria
50%
Un Pokémon très agressif, qui peut sauter à la gorge si on le regarde dans les yeux. Ses griffes acérées infligent de graves blessures.Persian
50%
Il est rond comme une balle, mais aussi très dur et lourd. Mieux vaut ne pas le lancer sur quelqu’un comme si c’était une boule de neige.Racaillou
50%
Ce Pokémon docile préfère éviter le combat. Toutefois, il se montre très féroce quand on l'agresse.Roucool
50%
Il aime se rouler dans le sable des zones désertiques pour se débarrasser des traces de terre et d’humidité qui lui collent à la peau.Sabelette
50%
Il escalade les arbres avec ses griffes. Quand une proie passe à proximité, il se laisse tomber dessus toutes épines dressées.Sablaireau
50%
Il préfère ce qui est chaud. En cas de pluie, de la vapeur se forme autour de sa queue.Salamèche
50%
Ce Pokémon laboure le sol et le fertilise avec ses déjections. Pour cette raison, beaucoup d’agriculteurs l’élèvent avec soin.Taupiqueur
50%
Beaucoup de sociétés à travers le monde ont appris à monter XXX au cours de leur histoire. Les premières à l’avoir fait habitaient à Alola.Tauros
50%
D’apparence lisse, ses têtes sont incroyablement dures. Il creuse la terre à coups de crâne répétés.Triopikeur
50%
Sa meilleure tactique consiste à virevolter rapidement autour de sa cible et à la piquer avec ses dards empoisonnés avant de s’enfuir.Dardargnan
33%
Ce Pokémon bouge en rythme comme s'il dansait. Il ondule même du popotin quand il marche.Lippoutou
33%
Il y a fort, fort longtemps, il était relativement puissant. Il est toutefois devenu de plus en plus nul au fil du temps.Magicarpe
33%
On raconte que XXX a évolué avec une fourrure de poils fins et drus qui protège son corps tout entier. Il est doté de grands yeux capables de repérer ses proies, même minuscules.Mimitoss
33%
Son odorat est plus développé que celui du mâle. Quand XXX cherche à manger, il reste dans le sens du vent, qu’il détecte avec ses vibrisses.Nidoran F
33%
XXX a dans le cerveau un aimant qui lui sert de boussole. Il permet à ce Pokémon de ne pas se perdre pendant qu’il creuse. En prenant de l’âge, son corps s’arrondit et se polit.Onix
33%
Ses petites ailes le handicapent pour voler. Il préfère se déplacer en hâte et piquer les Pokémon Insecte dans les hautes herbes.Piafabec
33%
Il mange chaque jour l’équivalent de son poids en feuilles et il utilise l’aiguillon sur sa tête pour repousser les attaques de ses ennemis.Aspicot
25%
Il agite le bout de sa langue pour sentir sa proie avant de l'avaler toute entière.Abo
0%
Le contenu de ses rêves influe sur les pouvoirs psychiques qu’il utilise dans son sommeil.Abra
0%
Les motifs ocre de ses ailes changent en fonction de son type de poison.Aéromite
0%
Certains prétendaient que tenir la gemme rouge de son front donnait des pouvoirs psychiques, aussi a-t-il été braconné à certaines époques.Akwakwak
0%
Doué d’une intelligence hors du commun, ce Pokémon serait capable de conserver tous ses souvenirs, de sa naissance jusqu’à sa mort.Alakazam
0%
Un Pokémon qui vivait dans les mers antiques. Des fossiles présentant des traces de morsures indiquent qu’il était la proie d’Aéroptéryx.Amonita
0%
La structure de ses cellules ressemble à celle des molécules d’eau. Il vit sur les rives, et il arrive qu’il soit pris pour une sirène.Aquali
0%
Il intimide sa proie grâce au motif situé sur le devant de son capuchon, puis l’enserre jusqu’à ce que son cœur cesse de battre.Arbok
0%
Une légende célèbre relate les exploits d’un chef de guerre et de son XXX à la conquête d’un certain royaume antique.Arcanin
0%
XXX est doté d’un gros crochet. La nuit, ce Pokémon s’accroche à une branche pour s’endormir. Quand il a un sommeil agité, il se réveille par terre.Boustiflor
0%
Jeune, il absorbe les nutriments gardés dans son dos pour grandir et se développer.Bulbizarre
0%
Cela fait des siècles qu’il vit avec les humains. Des ossements de XXX ont été retrouvés sur des sites datant de l’âge de pierre.Caninos
0%
Sa coquille commence à durcir juste après sa naissance. Jeune, elle est assez tendre.Carapuce
0%
Son corps est mou et sans force. La nature semble l’avoir destiné à servir de proie aux autres Pokémon.Chenipan
0%
Le corps long et flexible de XXX lui permet de se tordre et d’osciller pour éviter tout type d’attaque, même les plus puissantes. Ce Pokémon crache un fluide corrosif qui peut même dissoudre le fer.Chétiflor
0%
Sa carapace est très solide et résiste sans peine aux assauts des Picassaut. Si elle bascule, par contre, son contenu s’éparpille au sol.Chrysacier
0%
Les archéologues qui explorent les tombes de chasseurs primitifs trouvent souvent des lances faites avec des épines tombées de sa carapace.Crustabri
0%
Il réfléchit trois fois avant de prendre une décision, cela pouvant le rendre immobile.Dodrio
0%
Voir ce Pokémon serpenter dans le ciel au réveillon présage d’une bonne santé pour la nouvelle année.Draco
0%
Il brave les flots impétueux sans ciller. C’est pour cette raison qu’un capitaine l’ayant vu à l’œuvre l’a surnommé « l’avatar de la mer ».Dracolosse
0%
Parfois, quand son corps est tellement chargé d’électricité qu’il est sur le point d’éclater, il se laisse porter par le vent.Électrode
0%
On l’accuse d’être à l’origine des coupures de courant, mais c’est souvent une excuse pour couvrir les bévues du personnel des centrales.Élektek
0%
On dit qu’il vit en colonie dans la jungle, mais personne n’en est jamais revenu vivant pour le confirmer.Empiflor
0%
À ce jour, nul ne sait pourquoi XXX est le seul Pokémon dont l’ADN est instable.Évoli
0%
Il est presque invisible, mais lorsqu’il se manifeste à proximité, une étrange odeur sucrée flotte dans l’air.Fantominus
0%
Un Pokémon très rancunier. S’il est offensé, son ressentiment peut poursuivre le coupable et sa descendance pendant un millénaire.Feunard
0%
D'une nature assez léthargique, il ne ressent plus la douleur à cause du poison injecté par le XXX.Flagadoss
0%
Il est capable de transformer la lumière en énergie. Il est donc redoutable en été.Florizarre
0%
Au sein d’un troupeau, c’est le plus rapide qui devient le chef. Il choisit les lieux où se rendre et détermine la vitesse de galop.Galopa
0%
Certaines personnes prennent ce Pokémon pour un fantôme à cause des flammes qui sortent de sa bouche, similaires à des âmes de défunts.Goupix
0%
XXX creuse son antre à flanc de falaise en perçant des galeries horizontales.Gravalanch
0%
Son pelage est doux et soyeux, mais il en change à chaque saison. Certains le récupèrent et en font des manteaux de grand luxe.Grodoudou
0%
Il est capable de faire exploser une partie de son corps. Le souffle lui permet de se projeter à toute vitesse vers les sommets.Grolem
0%
Faute de nourriture, la population de XXX diminue rapidement. Pour éviter son extinction, des étangs de fange artificiels ont été creusés.Grotadmorv
0%
La lumière du soleil le rend plus fort et vigoureux. Le bulbe sur son dos grossit en conséquence.Herbizarre
0%
À Alola, les XXX s’en prennent principalement aux Dodoala. Les humains n’ont donc pas grand-chose à craindre.Hypnomade
0%
Les mâles s’occupent des petits, et tant qu’ils en ont à élever, le venin contenu dans leurs épines dorsales devient beaucoup plus fort.Hypocéan
0%
XXX crée des tourbillons en dansant sous l’eau. Il s’amuse à comparer la taille des remous qu’il fait avec ceux de ses congénères.Hypotrempe
0%
Sa vitesse incroyable lui permet de trancher l’air. Il jouit d’une grande popularité à Alola, où il est surnommé « le ninja ».Insécateur
0%
Ce Pokémon au bord de l’extinction mue tous les trois jours et renforce ainsi davantage sa carapace.Kabuto
0%
Il lacère sa proie pour boire ses fluides corporels, puis jette son corps en pâture à d’autres Pokémon.Kabutops
0%
Certains documents certifient que les XXX sans progéniture élevaient des enfants humains en détresse.Kangourex
0%
Sa coquille est plus dure que le diamant. Dans l’Antiquité, elle a été utilisée comme bouclier.Kokiyas
0%
S'il ne peut trouver de nourriture, il avale un petit tas de sable et en absorbe les nutriments.Krabby
0%
Certaines personnes croient que les endroits où un XXX apparaît sont destinés à connaître la destruction.Léviator
0%
De nos jours, les câbles électriques sont enterrés, aussi les XXX attaquent-ils de plus en plus les centrales électriques.Magnéti
0%
Il émet un signal radio étrange. Sa présence augmente la température de 2 °C dans un rayon de 1 000 m.Magnéton
0%
Il préfère vivre au fond des montagnes, loin des humains et des Pokémon, car il peut entendre une aiguille tomber à un kilomètre de distance.Mélodelfe
0%
Il est très rare en dépit de sa popularité. Ne le laissez pas sans surveillance, car il risquerait de se faire dérober par un voleur de Pokémon !Mélofée
0%
À l'aide d'un microscope, on peut distinguer le pelage extrêmement court, fin et délicat de ce Pokémon.Mew
0%
Habituellement, il reste immobile pour économiser son énergie qu'il préfère consacrer au combat.Mewtwo
0%
Il n’est pas rare de l’apercevoir dans les décharges, où il se dispute souvent quelque objet brillant avec un Cornèbre.Miaouss
0%
La première preuve de l’existence de ce Pokémon est due à un pêcheur ayant bataillé 10 heures pour le tirer hors de l’eau.Minidraco
0%
Pendant la journée, il reste en sous-sol et évite le soleil. Il grandit en se baignant au clair de lune.Mystherbe
0%
Lorsqu’il s’énerve, il devient incontrôlable, mais il retrouve son calme face à XXX, sa compagne de longue date.Nidoking
0%
Son corps est recouvert d'écailles solides. Il donnera sa vie pour secourir les petits de son terrier.Nidoqueen
0%
Malgré sa petite taille, il est très téméraire. Afin de protéger sa compagne, il est prêt à se battre et à risquer sa vie.Nidoran M
0%
Quand ce Pokémon s'abrite au fond de son terrier, ses cornes se rétractent. C'est signe qu'il est détendu.Nidorina
0%
Il erre à la recherche d’une Pierre Lune, brisant tous les rochers sur son passage avec sa corne plus solide qu’un diamant.Nidorino
0%
Il communique avec ses amis par télépathie. Son ADN est un mélange de celui d’une plante et d’un autre type non identifié.Noeunoeuf
0%
On rencontre parfois des XXX édentés que la faim a poussés à attaquer un Pokémon de type Acier.Nosferalto
0%
Sa peau est si fine que la lumière du soleil lui cause des brûlures. Lorsqu’il fait froid, ses congénères et lui se serrent pour se réchauffer.Nosferapti
0%
Il sent très mauvais, mais une personne sur mille aime l'odeur de son corps nauséabond.Ortide
0%
Il raffole du nectar des plus jolies fleurs. Dans les prairies, les luttes territoriales l’opposant à Bombydou sont impitoyables.Papilusion
0%
C’est probablement par manque de nutriments et d’humidité que les champignons sur son dos peinent à se développer à Alola.Paras
0%
On sait que les XXX vivent en groupe dans les grands arbres et se nourrissent des nutriments contenus dans le tronc et les racines. Lorsqu’un arbre infesté meurt, ils se précipitent vers le prochain.Parasect
0%
Ses nageoires dorsales et pectorales sont très développées. Elles lui permettent de nager à une vitesse de cinq nœuds.Poissirène
0%
En automne, à la saison des amours, il fait des réserves de graisse et arbore des couleurs chatoyantes.Poissoroy
0%
À la naissance, il ne court pas très vite. C’est en faisant la course avec ses camarades qu’il se muscle les jambes.Ponyta
0%
Ce Pokémon est censé être le seul à pouvoir voler jusque dans l'espace, mais pour l'instant, aucun XXX n'est jamais parvenu.Porygon
0%
Sa dentition semblable à une scie peut même broyer la peau des Pokémon Acier.Ptéra
0%
Il ne sait pas encore bien marcher. Un Dresseur de XXX doit l’entraîner à marcher tous les jours.Ptitard
0%
Si vous le voyez inspirer profondément, sauvez-vous, car c’est le signe qu’il va attaquer en soufflant une flamme à 1 700 °C !Pyroli
0%
Le pollen toxique de XXX déclenche d’affreuses réactions allergiques. C’est pourquoi il est conseillé de ne jamais s’approcher des jolies fleurs trouvées dans la jungle, même lorsqu’elles sont magnifiques.Rafflesia
0%
Ce Pokémon est très rare, car la plupart des Dresseurs lui préfèrent XXX.Raichu
0%
Ce Pokémon, vénéré et considéré comme un devin dans certaines régions, a donné naissance au dicton : XXX a bâillé, attention à l’ondée.Ramoloss
0%
Un Pokémon fort ancien, qui a même été identifié sur des fresques antiques.Rapasdepic
0%
Un Pokémon très résistant, capable de survivre même dans des milieux très insalubres. Il prolifère si l’on n’y prend pas garde.Rattata
0%
Les petites palmes de ses pattes postérieures lui permettraient de se rendre d’île en île à la nage afin d’échapper à ses prédateurs.Rattatac
0%
Il ne peut se souvenir que d’une chose à la fois. S’il se met à courir, il en oublie tout de suite la raison.Rhinocorne
0%
Son épiderme est si épais qu’il lui permet même de survivre dans du magma d’une température de 2 000 °C.Rhinoféros
0%
Les airs qu’il chante varient selon la région où il habite. Certains chants s’apparentent à des hurlements.Rondoudou
0%
En battant des ailes de toutes ses forces, XXX génère des rafales capables de faire fléchir même les plus grands arbres.Roucarnage
0%
Grâce à ses griffes très puissantes, il est capable de transporter des Noeunoeuf vers un nid éloigné de plus de 100 km.Roucoups
0%
Ses lianes ont une odeur particulière. Elles servent d’herbes aromatiques dans une certaine zone de Galar.Saquedeneu
0%
Ce Pokémon a beau être robuste, il supporte mal le froid. La nuit, il s’enfouit donc sous un tas de feuilles pour dormir au chaud.Scarabrute
0%
Une technique spéciale diluant ses gaz toxiques permet d'obtenir un parfum formidable. Mais pour XXX, rien ne vaut l'odeur d'une bonne décharge. Smogogo
0%
Il a peur de la lumière et se délecte de la nuit noire. Dans les grandes villes où l’éclairage est omniprésent, il est en voie d’extinction.Spectrum
0%
Même découpé en mille morceaux, il peut régénérer les parties de son corps tant que sa partie centrale reste indemne.Stari
0%
La forme abstraite de son corps ne ressemble à rien de connu. On raconte dans les campagnes qu’il s’agit d’un envahisseur venu de l’espace.Staross
0%
On raconte qu’il a sauvé des personnes perdues en montagne en illuminant les sentiers à l’aide de ses splendides ailes flamboyantes.Sulfura
0%
Les usines ne rejetant désormais plus de déchets toxiques, il n’a plus rien à se mettre sous la dent et se voit menacé d’extinction.Tadmorv
0%
Les XXX d’Alola nagent la brasse avec habileté. Beaucoup d’enfants apprennent à nager en les imitant.Tartard
0%
On en trouve parfois échoués sur le sable et desséchés, mais certains sont encore en vie. Il suffit de les mettre à l’eau pour les ranimer.Tentacool
0%
Il faut faire attention lorsque les globes rouges sur sa tête se mettent à briller intensément, car c’est qu’il s’apprête à émettre des ultrasons.Tentacruel
0%
Il patrouille sur la terre ferme à la recherche de nourriture, à savoir des Pokémon Insecte. Il les mange dans l’eau, où il est en sécurité.Têtarte
0%
Ses poings fendent l’air, mais il se fatigue au bout de trois minutes à enchaîner les coups.Tygnon
0%
Un organe situé à l’intérieur de ses poumons produit de l’électricité. On entend une sorte de crépitement chaque fois qu’il expire.Voltali
0%
Lors de l'examen de ce Pokémon, on a découvert qu'il n'était pas constitué d'éléments naturels.Voltorbe
0%

Distribution des résultats

Percentile par nombre de réponses

% des personnes avec chaque résultat

Votre développement - résultats

Vous n’avez pas pris ce quiz